000 00543nam a22001697a 4500
005 20231108085333.0
008 231108b |||||||| |||| 00| 0 eng d
020 _a070211166 ; 0702111678
041 _aEnglish
082 _a346.4 DEL
100 _aDelport, HJ and Olivier, NJJ
_lEnglish
245 _aSakereg Vonnisbundel /
_cHJ Delport and NJJ Olivier
260 _aKaapstad :
_bJuta en Kie, Beperk,
_c1981
300 _bxxxvi, 670 pages ;
_c26 cm.
650 _aLegal practice
_bLaw
942 _cBK
_6ALISON_BN_VRIES
999 _c406
_d406